00960nab a2200253 uc450000100070000000500170000700800410002403500110006503500210007604000130009704100080011010000540011824501520017265000330032465000320035765000370038965000300042665000230045670000510047970000510053077300960058194200100067799900190068789550920240724090044.0041019e20040305 spa  a895509 a(OCoLC)820299596 ccomduadb aspa10aBenjumea Hernández, Pedro Nel4auteaut954193910aMedicion de la velocidad de propagacion de llamas premezcladas de metano-aire y gas natural Guajira - aire utilizando el metodo del angulo del cono aCombustión de gases927010 aLlama (Combustión)925133 aVelocidad de propagacion9174052 7aGas natural2embne942010 7aMetano2lemb9166410aHiguita Bedoya, Carlos Mario4auteaut939715010aCordoba Perez, Camilo Andres4auteaut93971510 tDYNA (Medellín)gVolumen 071, Número 141, Marzo 2004, p. 7-14w188384x0012-7353082258 cARIMP c329551d329551